000 00316nam a2200133Ia 4500
005 20251222153607.0
008 251222s9999||||xx |||||||||||||| ||spa||
082 _a329.947/Z77
100 _aZinoviev, Grigorii
245 0 _aHistoria del Partido Bolchevique
250 _a1ra. ed.
264 _bClave
942 _cLIB
999 _c31441
_d31441